00977nam a2200253 i 4500001000300000003000400003005001700007008003900024015001800063020001500081040001400096080001000110080001200120100004300132245012900175260005900304300004900363504002200412650006100434655004200495700004200537710004600579856009800625bgBPK20200425175343.0990921s1999 pl a f |000 0 pol aPB 1999/14258 a8302072494 aWA NcBPK a631.3 a(075.3)1 aKuczewski, Józefd(1925-2002)eAutor10aEksploatacja maszyn rolniczych :bpodręcznik dla technikum mechanizacji rolnictwa /cJózef Kuczewski, Zbigniew Majewski. aWarszawa :bWydawnictwa Szkolne i Pedagogiczne,c1999. a367, [1] s. :b1 mapa, rys., wykr. ;c24 cm. aBibliogr. s. 368. 4aMaszyny i narzędzia rolniczexobsługa i eksploatacja. 4aPodręczniki dla szkół zawodowych1 aMajewski, Zbigniewc(nauki rolnicze).2 aWydawnictwa Szkolne i Pedagogiczne.4pbl. uhttp://koha.tu.koszalin.pl/cgi-bin/koha/opac-detail.pl?biblionumber=51633yKatalog online BPK